[Event "Regionalliga SW 1415"]
[Site "Bayern"]
[Date "2015.02.01"]
[Round "6.3"]
[White "Neiss, Josef Martin"]
[Black "Gabriel, Peter"]
[Result "1/2-1/2"]
[WhiteElo "2051"]
[BlackElo "1932"]
[PlyCount "97"]
[EventDate "2014.10.19"]
[EventType "team-tourn"]
[EventRounds "9"]
[EventCountry "GER"]
[SourceTitle "EXT 2018"]
[Source "ChessBase"]
[SourceDate "2017.10.13"]
[SourceVersion "1"]
[SourceVersionDate "2017.10.13"]
[SourceQuality "1"]
[WhiteTeam "Mering"]
[BlackTeam "Solln"]
[WhiteTeamCountry "GER"]
[BlackTeamCountry "GER"]

1. Nf3 Nf6 2. c4 c5 3. g3 Nc6 4. Bg2 e5 5. 0-0 g6 6. Nc3 Bg7 7. Ne1 d6 8. Nc2 0-0 9. Ne3 Be6 10. Ned5 Qd7 11. d3 Bh3 12. Bh6 Nxd5 13. Nxd5 Bxg2 14. Kxg2 Ne7 15. Nxe7+ Qxe7 16. Qd2 Qd7 17. Bxg7 Kxg7 18. b4 b6 19. Rab1 Rfc8 20. e4 cxb4 21. Rxb4 Qe6 22. a4 Rc5 23. Rb5 Rac8 24. Rfb1 Rxb5 25. axb5 f5 26. f3 fxe4 27. fxe4 Rf8 28. Rf1 Rxf1 29. Kxf1 Qc8 30. Qa2 Qc7 31. Ke2 Kf6 32. Kf3 h5 33. h4 Qd7 34. Qf2 Kg7 35. Kg2 Qc8 36. Qa2 Qd7 37. Kf2 Kf6 38. Ke3 Qg4 39. Qf2+ Ke7 40. Kd2 Qc8 41. Qe3 Qc5 42. Qg5+ Kf7 43. Ke2 Qb4 44. Qd8 Qb2+ 45. Kf3 Qd4 46. Qd7+ Kf6 47. Qd8+ Kf7 48. Qc7+ Kf6 49. Qd8+ 1/2-1/2

[Event "Regionalliga SW 1415"]
[Site "Bayern"]
[Date "2015.01.18"]
[Round "5.3"]
[White "Gabriel, Peter"]
[Black "Safyanovsky, Mark"]
[Result "1/2-1/2"]
[WhiteElo "1932"]
[BlackElo "2156"]
[PlyCount "37"]
[EventDate "2014.10.19"]
[EventType "team-tourn"]
[EventRounds "9"]
[EventCountry "GER"]
[SourceTitle "EXT 2018"]
[Source "ChessBase"]
[SourceDate "2017.10.13"]
[SourceVersion "1"]
[SourceVersionDate "2017.10.13"]
[SourceQuality "1"]
[WhiteTeam "Solln"]
[BlackTeam "Haunstetten"]
[WhiteTeamCountry "GER"]
[BlackTeamCountry "GER"]

1. c4 g6 2. Nc3 Bg7 3. g3 c5 4. Bg2 Nc6 5. e4 e6 6. Nge2 d6 7. 0-0 Nge7 8. a3 b6 9. Rb1 Bb7 10. d3 0-0 11. b4 Qd7 12. Be3 Nd4 13. Qd2 Rfd8 14. Bh6 Bh8 15. Nxd4 cxd4 16. Ne2 Rac8 17. Rfc1 f5 18. Bg5 Rf8 19. Nf4 1/2-1/2

[Event "Regionalliga SW 1415"]
[Site "Bayern"]
[Date "2014.10.19"]
[Round "1.5"]
[White "Gabriel, Peter"]
[Black "Loos, Stephan"]
[Result "1/2-1/2"]
[WhiteElo "1932"]
[BlackElo "2025"]
[PlyCount "73"]
[EventDate "2014.10.19"]
[EventType "team-tourn"]
[EventRounds "9"]
[EventCountry "GER"]
[SourceTitle "EXT 2018"]
[Source "ChessBase"]
[SourceDate "2017.10.13"]
[SourceVersion "1"]
[SourceVersionDate "2017.10.13"]
[SourceQuality "1"]
[WhiteTeam "Solln"]
[BlackTeam "Bayern Muenchen III"]
[WhiteTeamCountry "GER"]
[BlackTeamCountry "GER"]

1. c4 f5 2. Nc3 Nf6 3. g3 g6 4. Bg2 Bg7 5. d3 d6 6. e3 0-0 7. Nge2 e5 8. 0-0 c6 9. b4 Qc7 10. Bb2 Be6 11. a4 Nbd7 12. a5 d5 13. cxd5 Bxd5 14. Nxd5 Nxd5 15. Qb3 Kh8 16. e4 Ne7 17. f4 Rad8 18. fxe5 fxe4 19. d4 b6 20. Bxe4 c5 21. Nf4 cxd4 22. Ne6 Qxe5 23. Bxd4 Qxd4+ 24. Nxd4 Bxd4+ 25. Kg2 Bxa1 26. Rxa1 Nf6 27. Qc3 Ned5 28. Bxd5 Rxd5 29. axb6 axb6 30. Rf1 Kg7 31. Qc6 b5 32. Qc3 h5 33. Re1 Rf5 34. Re5 Rf2+ 35. Kg1 Rf1+ 36. Kg2 Rf2+ 37. Kg1 1/2-1/2